000 00541nam a2200169Ia 4500
008 090711s9999 xx 000 0 und d
082 _b10895
100 _aनेने प्रभाकर
245 _aसूत्रधार तो आणि ती
260 _c1963
300 _a76
600 _aनेने प्रभाकर
630 _aसूत्रधार तो आणि ती
700 _aनेने प्रभाकर
730 _aसूत्रधार तो आणि ती
942 _cBOOK
999 _c304687
_d304687